zpět

Detail výsledku týmu

Pekelná Husa, Klatovy

Datum a čas kvízu

29 Celkem bodů Celkový počet nahraných bodů na tomto kvízu bez doplňovacích otázek.
6. Pořadí na kvízu Konečné umístění týmu na tomto kvízu.

Zaznamenané odpovědi

# Otázka Odpověď Body Výsledky
1. V úterý byli do pražské zoo př... (lední) medvědi 0
2. Buckinghamský palác odhalil v... D) motýl 0
3. Jeden z 28 evropských koncertů... Thirty Seconds to Mars (30 Seconds to Mars) 0
4. Bývalá manželka Billa Gatese M... Gatesova nadace 0
5. V sobotu se v Rijádu konal dlo... Tyson Fury, Oleksandr Usyk 0.5
6. Jména Mnata, Vojen či Vnislav... A 1
7. K Janu Žižkovi se váže jistá p... C 1
8. Před kněžnou Libuší stanuli dv... A 1
9. O hřbitovním kostele sv. Maří... Svatební košile 1
10. Pokud dokážete určit, co tento... Stadice 1